Land utilization (Record no. 80598)

MARC details
000 -LEADER
fixed length control field 00876nam a2200193 a 4500
008 - FIXED-LENGTH DATA ELEMENTS--GENERAL INFORMATION
fixed length control field 120416s1982 ||||||||||||||||| || u
020 ## - INTERNATIONAL STANDARD BOOK NUMBER
International Standard Book Number 8170223261
050 ## - LIBRARY OF CONGRESS CALL NUMBER
Classification number HD 111 Man
100 ## - MAIN ENTRY--PERSONAL NAME
Personal name Mandal, R. B
245 10 - TITLE STATEMENT
Title Land utilization
246 ## -
-- theory and practice
260 ## - PUBLICATION, DISTRIBUTION, ETC.
Place of publication, distribution, etc. New Delhi
Name of publisher, distributor, etc. Concept publications company
Date of publication, distribution, etc. 1982
350 ## -
-- 0.00
650 ## - SUBJECT ADDED ENTRY--TOPICAL TERM
Topical term or geographic name entry element LAND ECONOMY
650 ## - SUBJECT ADDED ENTRY--TOPICAL TERM
Topical term or geographic name entry element LAND
995 ## -
-- ANNEX COLLECTION (Main Library)
-- 0.00
-- 732387
-- CBU-MAIN LIBRARY (Kitwe)
-- 3
-- 25.00
-- HD 111 Man
-- 3
-- AVAILABLE
-- 029540
-- Annex Low-Usage Collection
995 ## -
-- ANNEX COLLECTION (Main Library)
-- 0.00
-- 732385
-- CBU-MAIN LIBRARY (Kitwe)
-- 1
-- 25.00
-- HD 111 Man
-- 1
-- AVAILABLE
-- 029538
-- Annex Low-Usage Collection
995 ## -
-- ANNEX COLLECTION (Main Library)
-- 0.00
-- 732386
-- CBU-MAIN LIBRARY (Kitwe)
-- 2
-- 25.00
-- HD 111 Man
-- 2
-- AVAILABLE
-- 029539
-- Annex Low-Usage Collection
999 ## -
-- 80598
-- 80598
Holdings
Withdrawn status Lost status Source of classification or shelving scheme Damaged status Not for loan Permanent Location Current Location Date acquired Full call number Barcode Date last seen Copy number Price effective from Koha item type Shelving location Total Checkouts
Withdrawn         CBU-MAIN LIBRARY, KITWE. CBU-MAIN LIBRARY, KITWE. 06/30/2023 HD 111 Man 029540 06/30/2023 1 06/30/2023 MONOGRAPH    
          CBU-MAIN LIBRARY, KITWE. CBU-MAIN LIBRARY, KITWE. 06/30/2023 HD 111 Man 029538 06/30/2023 2 06/30/2023 MONOGRAPH    
          CBU-MAIN LIBRARY, KITWE. CBU-MAIN LIBRARY, KITWE. 06/30/2023 HD 111 Man 029539 06/30/2023 3 06/30/2023 MONOGRAPH